|
|
|
|
| LEADER |
01747nam a2200385 a 4500 |
| 001 |
000000084 |
| 005 |
20061121100235.0 |
| 008 |
050727s1694 xo e lat |
| FMT |
|
|
|
| 040 |
|
|
|a SVKKK
|b slo
|c SVKKK
|e AACR2
|
| 041 |
0 |
|
|a lat
|
| 044 |
|
|
|a xo
|c SK
|
| 080 |
|
|
|a 347(094.1)
|
| 080 |
|
|
|a 347(439.5)
|
| 130 |
0 |
|
|a Articuli
|
| 245 |
0 |
0 |
|a Articuli Ivris Thavernicalis :
|b Olim Post Tristem Amissae Budae, Omniumqué antiquorum Juris Thavernicalis Monumentorum Cladem recollecti, & per Sac. Caes. Regiamqué eo túm Regnantem Majestatem clementér Confirmati. Nunc veró Post Gloriosam ejusdem Budae Miseratione Divinâ Victricibus Armis Augustissimi, & Potentissimi Imperatoris Leopoldi, I. &c. Recuperationem, novissimé recusi, Et Adjectis Articulorum Titulis aucti, ac divulgati.
|
| 260 |
|
|
|a Tyrnaviae :
|b Typis Academicis,
|c Anno 1694
|
| 300 |
|
|
|a [38] s. a/4-d/4,e/3 [=19] list.
|c 4°. 18x13 cm
|
| 500 |
|
|
|a Vineta ornam.-fig., linky ozdobné, inic. s ornam. pozadím vo voľ. priestore na 6 r., inic. s ornam. pozadím v rámčeku na 5 r., verz. vo voľ. priestore na 3 r., kustódy.
|
| 510 |
4 |
|
|a Szabó II/483; Hanakovič I/34; Telgársky/Bánska I/142; Zelliger 33.
|
| 501 |
|
|
|a Prív. 1. k: ASZALAI, I.: Index Seu Compedium Operis Tripartiti. Tyrnaviae 1694. 4°.
|
| 653 |
1 |
|
|a právo
|
| 653 |
1 |
|
|a Uhorsko
|
| 653 |
2 |
|
|a artikuly
|
| 653 |
2 |
|
|a dekréty
|
| 653 |
2 |
|
|a konštitúcie
|
| 710 |
0 |
|
|a Akademická tlačiareň
|c Trnava
|d 1648-1773
|4 prt
|
| 752 |
|
|
|a Slovensko
|d Trnava
|
| 852 |
|
|
|p RMK 77a prív. 1. PA
|
| 904 |
|
|
|a aef da yyyb 0001
|
| 905 |
|
|
|a af a1cb
|
| 910 |
|
|
|a svkkk
|
| 998 |
|
|
|a TRNTL
|
| BAS |
|
|
|
| LKR |
|
|
|a UP
|b 83
|l HIS01
|n Index Seu Compedium Operis Tripartiti
|m Articuli Ivris Thavernicalis
|